[Event "XXVI Miedzynarodowy Festiwal Szachowy w Poznaniu - OPEN A"]
[Site "Poznan"]
[Date "2018-08-19"]
[Round "2.11"]
[White "Wojdak, Jan"]
[Black "Jaroch, Karol"]
[Result "0-1"]
[WhiteTitle ""]
[BlackTitle ""]
[WhiteElo "1818"]
[BlackElo "2222"]

1. e4 e6 2. d4 d5 3. Nd2 Nf6 4. e5 Nfd7 5. Bd3 c5 6. c3 Nc6 7. Ne2 b6 8. O-O Qc7
9. f4 cxd4 10. cxd4 Be7 11. Nf3 Nb4 12. a3 Nxd3 13. Qxd3 Qc4 14. Qxc4 dxc4 15.
Be3 b5 16. Nc3 a6 17. Rfd1 Nb6 18. f5 Bb7 19. fxe6 fxe6 20. Ng5 Kd7 21. Rf1 h6
22. Nge4 Bxe4 23. Nxe4 Rhf8 24. Bd2 Na4 25. Rab1 Rxf1+ 26. Kxf1 Kc6 27. Ke2 Kd5
28. Ke3 a5 29. b3 cxb3 30. Rxb3 Kc4 31. Rd3 b4 32. axb4 axb4 33. d5 exd5 34. Rd4+
Kb3 35. Rxd5 Nb6 36. Rd3+ Kc2 37. Ke2 Ra3 38. Rd4 b3 39. Bb4 Bxb4 40. Rxb4 Ra4
41. Rxb3 Kxb3 42. Nc5+ Kc4 43. Nxa4 Nxa4 44. e6 Nc3+ 45. Ke3 Nd5+ 46. Ke4 Ne7
47. Ke5 Kc5 48. g4 Kc6 49. h3 Kc7 50. h4 Ng6+ 51. Kd4 0-1

[Event "XXVI Miedzynarodowy Festiwal Szachowy w Poznaniu - OPEN A"]
[Site "Poznan"]
[Date "2018-08-19"]
[Round "2.12"]
[White "Malyovanyi, Yulian "]
[Black "Glatty, Zbigniew "]
[Result "1-0"]
[WhiteTitle ""]
[BlackTitle ""]
[WhiteElo "2188"]
[BlackElo "1828"]

1. e4 e5 2. Nf3 Nc6 3. d4 exd4 4. Nxd4 Bc5 5. Nxc6 Qf6 6. Qf3 dxc6 7. Bc4 Qxf3
8. gxf3 Ne7 9. Rg1 g6 10. Be3 Bxe3 11. fxe3 Be6 12. Bxe6 fxe6 13. Nd2 c5 14. Ke2
Nc6 15. Rg5 b6 16. Nc4 Ke7 17. h4 Rhg8 18. a4 Rad8 19. Rag1 Rgf8 20. c3 Kf6 21.
f4 Ke7 22. h5 gxh5 23. Rxh5 Rf7 24. Rgh1 Rh8 25. Rh6 Rf6 26. Rxh7+ Rxh7 27. Rxh7+
Rf7 28. Rh6 Rf6 29. Rh5 Rf7 30. Kf3 Rf6 31. e5 Rf7 32. e4 a6 33. Ne3 Kd7 34. Ng4
Na5 35. f5 Nc4 36. b4 cxb4 37. cxb4 a5 38. bxa5 Nxa5 39. Rh6 Re7 40. Nf6+ Kc6
41. Nd5 Re8 42. fxe6 Nc4 43. e7+ Kb7 44. Re6 1-0

[Event "XXVI Miedzynarodowy Festiwal Szachowy w Poznaniu - OPEN A"]
[Site "Poznan"]
[Date "2018-08-19"]
[Round "2.13"]
[White "Polarczyk, Pawel "]
[Black "Garbowski, Jakub "]
[Result "0-1"]
[WhiteTitle ""]
[BlackTitle ""]
[WhiteElo "1811"]
[BlackElo "2129"]

1. d4 Nf6 2. c4 g6 3. Nc3 d5 4. Nf3 Bg7 5. e3 O-O 6. cxd5 Nxd5 7. Nxd5 Qxd5 8.
Qc2 Bf5 9. Qxc7 Nc6 10. Bd2 Be4 11. Qg3 e5 12. dxe5 Nxe5 13. Nd4 Nc6 14. f3 Nxd4
15. exd4 Bc2 16. Be2 Rfe8 17. Kf1 Rxe2 18. Kxe2 Re8+ 19. Be3 Rxe3+ 20. Kxe3 Qxd4+
21. Ke2 Qd3+ 22. Ke1 Qe3+ 0-1

[Event "XXVI Miedzynarodowy Festiwal Szachowy w Poznaniu - OPEN A"]
[Site "Poznan"]
[Date "2018-08-19"]
[Round "2.14"]
[White "Raczynski, Krzysztof "]
[Black "Wawrzyniak, Pawel"]
[Result "1-0"]
[WhiteTitle ""]
[BlackTitle ""]
[WhiteElo "2111"]
[BlackElo "1814"]

1. e4 e6 2. d4 d5 3. Nd2 Nf6 4. e5 Nfd7 5. Bd3 c5 6. c3 Nc6 7. Ne2 Qb6 8. Nf3 cxd4
9. cxd4 f6 10. exf6 Nxf6 11. O-O Bd6 12. a3 O-O 13. Qc2 e5 14. dxe5 Nxe5 15. Nxe5
Bxe5 16. Bf4 Bxf4 17. Nxf4 Bd7 18. Rae1 Rae8 19. Rxe8 Rxe8 20. Qd2 Bb5 21. g3
Bxd3 22. Qxd3 Qxb2 23. Rb1 Qa2 24. Rxb7 Re1+ 25. Kg2 Qc4 26. Rxa7 g5 27. Ra6 gxf4
28. Qxc4 dxc4 29. Rxf6 fxg3 30. hxg3 Ra1 31. Rc6 Rxa3 32. Rxc4 Kg7 33. Rc6 Rb3
34. f4 Rb5 35. Kh3 Kf7 36. Kh4 Rb4 37. Kg5 Rb5+ 38. f5 Kg7 39. Rc7+ Kg8 40. g4
Ra5 41. Re7 Rb5 42. Kf6 Rb8 43. Rg7+ Kh8 44. Rd7 Re8 45. Kf7 Rg8 46. Re7 Rg7+
47. Kf6 Rg8 48. g5 Rf8+ 49. Ke6 Ra8 50. Kf7 1-0

[Event "XXVI Miedzynarodowy Festiwal Szachowy w Poznaniu - OPEN A"]
[Site "Poznan"]
[Date "2018-08-19"]
[Round "2.15"]
[White "Janicki, Rafal "]
[Black "Zadymov, Ihor"]
[Result "1-0"]
[WhiteTitle ""]
[BlackTitle ""]
[WhiteElo "1800"]
[BlackElo "2102"]

1. e4 e5 2. Nf3 Nc6 3. d4 exd4 4. Bc4 Bc5 5. c3 d3 6. Qxd3 d6 7. O-O Nf6 8. a4
Bb6 9. Bb5 a5 10. Na3 O-O 11. Nc4 Bc5 12. Bxc6 bxc6 13. e5 Nd5 14. Ng5 f5 15.
exf6 Nxf6 16. Be3 Bxe3 17. Nxe3 h6 18. Nf3 d5 19. Qg6 Qd6 20. Nd4 Rf7 21. Nef5
Qf4 22. g3 Qg5 23. Qxg5 hxg5 24. Rfe1 Ne4 25. f3 Bxf5 26. Nxf5 Nd2 27. Ne7+ Kh7
28. Kg2 Nxf3 29. Re3 Nd2 30. Nxc6 Nb3 31. Rf1 Rxf1 32. Kxf1 Rf8+ 33. Ke1 Rf6 34.
Nd4 c5 1-0

[Event "XXVI Miedzynarodowy Festiwal Szachowy w Poznaniu - OPEN A"]
[Site "Poznan"]
[Date "2018-08-19"]
[Round "2.16"]
[White "Nowak, Mikolaj "]
[Black "Szymanski, Zbigniew"]
[Result "1-0"]
[WhiteTitle ""]
[BlackTitle ""]
[WhiteElo "2101"]
[BlackElo "1804"]

1. d4 e6 2. c4 Nf6 3. Nf3 d5 4. g3 c6 5. Nbd2 Nbd7 6. Bg2 Bd6 7. O-O O-O 8. Qc2
Re8 9. Rd1 h6 10. b3 b6 11. Bb2 Bb7 12. e4 dxe4 13. Nxe4 Nxe4 14. Qxe4 Qc7 15.
Ne5 Nxe5 16. dxe5 Bc5 17. Rd3 Rad8 18. Rad1 Rxd3 19. Qxd3 Bc8 20. h4 Be7 21. Qe4
c5 22. Bf3 Rd8 23. Rxd8+ Bxd8 24. Bc1 Be7 25. Be3 Qd7 26. a4 a5 27. Kf1 Bd8 28.
Ke2 Qc7 29. Ke1 Be7 30. Bd2 Bf8 31. h5 Be7 32. Bc3 Qd7 33. Bg2 Bd8 34. f4 Be7
35. Bf3 Bd8 36. Bd2 Be7 37. g4 Bh4+ 38. Ke2 Be7 39. Be3 Bd8 40. g5 Be7 41. Bh1
Ba6 42. Qg2 hxg5 43. fxg5 Qc7 44. Qe4 Bc8 45. Bf3 Qd8 46. Qf4 Qd7 47. h6 Bf8 48.
h7+ Kxh7 49. g6+ Kg8 50. Bh5 f6 51. exf6 gxf6 52. Qxf6 Bg7 53. Qf7+ Qxf7 54. gxf7+
Kf8 55. Bg5 Bd4 56. Bd8 Be5 57. Bxb6 Bd6 58. Bxa5 Bb7 59. Bd2 Kg7 60. a5 Ba6 61.
Kd3 Bc8 62. Bg5 Bb7 63. Be3 Ba6 64. Kc3 Be5+ 65. Kc2 Bd6 66. b4 Bxc4 67. Bxc5
Bxc5 68. bxc5 Bd5 69. a6 Kf8 70. a7 Ke7 71. Kc3 e5 72. Kb4 Bc6 73. Ka5 1-0

[Event "XXVI Miedzynarodowy Festiwal Szachowy w Poznaniu - OPEN A"]
[Site "Poznan"]
[Date "2018-08-19"]
[Round "2.17"]
[White "Lesien, Przemyslaw "]
[Black "Vesely, Vitek"]
[Result "0-1"]
[WhiteTitle ""]
[BlackTitle ""]
[WhiteElo "1793"]
[BlackElo "2081"]

1. e4 c5 2. Nf3 e6 3. c3 Nf6 4. e5 Nd5 5. d4 cxd4 6. cxd4 b6 7. Nc3 Nxc3 8. bxc3
Qc7 9. Qb3 Bb7 10. Be2 d6 11. Ba3 Nd7 12. exd6 Bxd6 13. Bxd6 Qxd6 14. O-O O-O
15. c4 Rac8 16. c5 Qc7 17. cxb6 Nxb6 18. h3 Rfd8 19. Rac1 Qxc1 20. Rxc1 Rxc1+
21. Kh2 Bxf3 22. Bxf3 Rxd4 23. Qb5 Rc8 24. Bb7 Rcd8 25. Qc5 g6 26. Bc6 Rc4 27.
Qe7 Rc8 28. Bb5 R4c7 29. Qd6 Nd5 30. a4 Rc2 31. Kg3 Kg7 32. Qe5+ Nf6 33. Qd4 R8c5
34. f4 a5 35. Kf3 Rd5 36. Qa1 h5 37. g4 hxg4+ 38. hxg4 g5 39. fxg5 Rxg5 40. Qe1
Rxg4 41. Qxa5 Rcg2 42. Ke3 Nd5+ 43. Kd3 e5 0-1

[Event "XXVI Miedzynarodowy Festiwal Szachowy w Poznaniu - OPEN A"]
[Site "Poznan"]
[Date "2018-08-19"]
[Round "2.18"]
[White "Bajerlein, Dawid "]
[Black "Kacprzak, Karol"]
[Result "0-1"]
[WhiteTitle ""]
[BlackTitle ""]
[WhiteElo "2062"]
[BlackElo "1799"]

1. d4 Nf6 2. Nf3 c5 3. d5 d6 4. Nc3 g6 5. e4 Bg7 6. Be2 O-O 7. O-O Nbd7 8. Nd2
a6 9. a4 Ne8 10. Nc4 Nc7 11. a5 Rb8 12. Na4 Na8 13. Bd2 f5 14. exf5 Rxf5 15. Bg4
Rf8 16. Be6+ Kh8 17. Ra3 Ne5 18. Nxe5 Bxe5 19. Bh6 Bg7 20. Bxg7+ Kxg7 21. Qd2
Bxe6 22. dxe6 Nc7 23. Rh3 h5 24. Re1 Rf6 25. Qc3 Nd5 26. Qd2 Qe8 27. b3 Qc6 28.
c4 Nf4 29. Rg3 Rbf8 30. h4 Rxe6 31. Nb6 Rxe1+ 32. Qxe1 e5 33. Qd2 Rf6 34. Nd5
Nxd5 35. cxd5 Qd7 36. Rg5 Rf5 37. f3 Rf4 38. g3 Rd4 39. Qc2 Qf7 40. f4 exf4 41.
g4 Rxd5 42. Qc3+ Kh7 43. gxh5 Rxg5+ 44. hxg5 gxh5 45. b4 Qf5 46. b5 axb5 47. a6
bxa6 48. g6+ Qxg6+ 49. Kh1 Qe4+ 50. Kh2 f3 51. Qc1 Qg4 52. Qc2+ Qg6 53. Qf2 Qg2+
0-1

[Event "XXVI Miedzynarodowy Festiwal Szachowy w Poznaniu - OPEN A"]
[Site "Poznan"]
[Date "2018-08-19"]
[Round "2.19"]
[White "Grochowski, Michal "]
[Black "Golek-schild, Jagoda "]
[Result "1-0"]
[WhiteTitle ""]
[BlackTitle ""]
[WhiteElo "1781"]
[BlackElo "2033"]

1. e4 c5 2. Nf3 e6 3. d4 cxd4 4. Nxd4 a6 5. Bd3 Qc7 6. O-O Bc5 7. Nb3 Be7 8. Qg4
g6 9. Bg5 d6 10. Bxe7 Qxe7 11. Nc3 Nf6 12. Qe2 Nc6 13. f4 Qc7 14. f5 O-O 15. g4
exf5 16. exf5 Re8 17. Qg2 g5 18. h4 h6 19. hxg5 hxg5 20. Rae1 Ne5 21. Qd2 Qb6+
22. Kg2 Qc6+ 23. Kg3 Nfxg4 24. Qxg5+ Kf8 25. Nd4 f6 26. Qxg4 Nxg4 27. Nxc6 Ne3
28. Rh1 Bxf5 29. Nd4 1-0

[Event "XXVI Miedzynarodowy Festiwal Szachowy w Poznaniu - OPEN A"]
[Site "Poznan"]
[Date "2018-08-19"]
[Round "2.20"]
[White "Bednarska-bzdega, Malgorzata "]
[Black "Pawlowski, Rafal "]
[Result "1/2-1/2"]
[WhiteTitle ""]
[BlackTitle ""]
[WhiteElo "1984"]
[BlackElo "1791"]

1. e4 e6 2. d4 d5 3. Nc3 Bb4 4. e5 b6 5. Qg4 Bf8 6. Bg5 Qd7 7. h4 h6 8. Be3 h5
9. Qf3 Ne7 10. Nge2 Ba6 11. Ng3 Bxf1 12. Rxf1 g6 13. O-O-O Nbc6 14. Kb1 Na5 15.
Bc1 Rb8 16. Qd3 b5 17. Nce2 Nc4 18. Nf4 b4 19. Ka1 a5 20. Ne4 Ng8 21. Ng5 Ne7
22. f3 Bh6 23. Ne4 dxe4 24. Qxc4 exf3 25. Rxf3 Qb5 26. Qxb5+ Rxb5 27. Ne2 Bxc1
28. Rxc1 O-O 29. c4 bxc3 30. Rfxc3 Nd5 31. Rc5 Rfb8 32. Rxb5 Rxb5 33. g3 Kf8 34.
Rc4 Ke8 35. Kb1 Kd7 36. Kc1 Ne3 37. Ra4 Nd5 38. Nc3 Rb4 1/2-1/2

[Event "XXVI Miedzynarodowy Festiwal Szachowy w Poznaniu - OPEN A"]
[Site "Poznan"]
[Date "2018-08-19"]
[Round "2.21"]
[White "Kacprzak, Kacper "]
[Black "Michalski, Karol "]
[Result "0-1"]
[WhiteTitle ""]
[BlackTitle ""]
[WhiteElo "1768"]
[BlackElo "1983"]

1. e4 c5 2. Nf3 g6 3. d4 cxd4 4. Nxd4 Bg7 5. c4 Nc6 6. Be3 Nf6 7. Nc3 Ng4 8. Qxg4
Nxd4 9. O-O-O e5 10. Qg3 O-O 11. Bxd4 exd4 12. Nb5 Re8 13. Qd3 d5 14. cxd5 Rxe4
15. Qb3 a6 16. Na3 b5 17. Nc2 Bb7 18. Nb4 Qg5+ 19. Kb1 Rd8 20. Bd3 Ree8 21. g3
Bxd5 22. Nxd5 Qxd5 23. Qxd5 Rxd5 24. Rhe1 Kf8 25. Kc2 Rc8+ 26. Kd2 Bh6+ 27. f4
Rh5 28. h4 Rhc5 29. Re2 Bg7 30. Rde1 R5c7 31. Re4 Bf6 32. a3 h6 33. Rh1 Rc5 34.
g4 Rd5 35. g5 Bd8 36. Rc1 Rxc1 37. Kxc1 h5 38. Re1 Bc7 39. Rf1 Kg7 40. Kd1 Rd7
0-1

[Event "XXVI Miedzynarodowy Festiwal Szachowy w Poznaniu - OPEN A"]
[Site "Poznan"]
[Date "2018-08-19"]
[Round "2.22"]
[White "Leskiewicz, Ignacy "]
[Black "Wloch, Mikolaj "]
[Result "1-0"]
[WhiteTitle ""]
[BlackTitle ""]
[WhiteElo "1964"]
[BlackElo "1772"]

1. e4 c5 2. Nf3 d6 3. d4 cxd4 4. Nxd4 Nf6 5. Nc3 g6 6. Be3 Bg7 7. f3 O-O 8. Qd2
Nc6 9. O-O-O Nxd4 10. Bxd4 Be6 11. Kb1 Qc7 12. h4 Rfc8 13. h5 Qa5 14. hxg6 fxg6
15. a3 a6 16. Bd3 b5 17. Qg5 Rab8 18. Nd5 Bxd5 19. Bxf6 Bxf6 20. Qxd5+ Kg7 21.
e5 Rf8 22. Qe4 1-0

[Event "XXVI Miedzynarodowy Festiwal Szachowy w Poznaniu - OPEN A"]
[Site "Poznan"]
[Date "2018-08-19"]
[Round "2.23"]
[White "Huchwajda, Lukasz"]
[Black "Chaczynski, Kamil"]
[Result "1-0"]
[WhiteTitle ""]
[BlackTitle ""]
[WhiteElo "1945"]
[BlackElo "1760"]

1. Nf3 Nf6 2. g3 g6 3. Bg2 Bg7 4. O-O O-O 5. c4 c6 6. b3 Ne4 7. d4 d5 8. Bb2 Nd7
9. Nfd2 Nxd2 10. Nxd2 dxc4 11. Nxc4 Nb6 12. Qd2 Be6 13. Rac1 Rc8 14. a4 Bxc4 15.
bxc4 Nxa4 16. Ba1 Qc7 17. c5 Qd7 18. Qa5 b5 19. d5 Bxa1 20. dxc6 Qc7 21. Qxb5
Nc3 22. Qc4 Bb2 23. Rxc3 Bxc3 24. Qxc3 Rfd8 25. Bf3 Rb8 26. Ra1 Rb5 27. Ra6 Rd1+
28. Kg2 Rbb1 29. Qa5 Rg1+ 30. Kh3 Qc8+ 31. Bg4 f5 32. Bf3 h5 33. Rxa7 Qe6 34.
Qd8+ 1-0

[Event "XXVI Miedzynarodowy Festiwal Szachowy w Poznaniu - OPEN A"]
[Site "Poznan"]
[Date "2018-08-19"]
[Round "2.25"]
[White "Rozumek, Krzysztof "]
[Black "Szafranski, Maciej "]
[Result "1-0"]
[WhiteTitle ""]
[BlackTitle ""]
[WhiteElo "1848"]
[BlackElo "1425"]

1. Nf3 d5 2. b3 Nc6 3. Bb2 Nf6 4. e3 Bf5 5. Bb5 e6 6. Ne5 a6 7. Bxc6+ bxc6 8. Nxc6
Qd7 9. Nd4 Bg6 10. Nf3 Be7 11. O-O O-O 12. Ne5 Qd6 13. d4 Qd8 14. Nc6 Qe8 15.
Nxe7+ Qxe7 16. Ba3 Qd7 17. Bxf8 Kxf8 18. Nd2 Rb8 19. b4 Qc6 20. Rc1 Qa4 21. c3
Qxa2 22. Ra1 Qb2 23. Qc1 Qxc1 24. Rfxc1 Bd3 25. f3 Ke7 26. Ra5 Nd7 27. e4 Nb6
28. Kf2 c6 29. Rca1 Kd6 30. Ke3 Bb5 31. g4 h6 32. R5a2 g6 33. e5+ Ke7 34. f4 Nc4+
35. Nxc4 Bxc4 36. Ra5 Bb5 37. h4 Kf8 38. R5a2 Kg7 39. Rf2 Re8 40. f5 Bc4 41. fxe6
Rxe6 42. g5 Bb5 43. gxh6+ Kxh6 44. Rxf7 Kh5 45. Rh7+ Kg4 46. Rg1+ Kh3 47. h5 g5
48. Rxg5 Kh4 49. Rg1 Re8 50. Rhg7 Bf1 51. Rxf1 Rxe5+ 52. dxe5 d4+ 53. Kf4 d3 54.
Rh1# 1-0

[Event "XXVI Miedzynarodowy Festiwal Szachowy w Poznaniu - OPEN A"]
[Site "Poznan"]
[Date "2018-08-19"]
[Round "2.26"]
[White "Kus, Aleksander"]
[Black "Pietras, Igor"]
[Result "1-0"]
[WhiteTitle ""]
[BlackTitle ""]
[WhiteElo "1844"]
[BlackElo "1140"]

1. d4 d5 2. Bf4 Nf6 3. e3 Bf5 4. c4 e6 5. Nc3 c6 6. Qb3 Qb6 7. c5 Qxb3 8. axb3
Nbd7 9. b4 b6 10. Ba6 Be7 11. Bb7 O-O 12. Bxc6 Rac8 13. Bb7 bxc5 14. bxc5 Nxc5
15. dxc5 Rxc5 16. h3 Rd8 17. Nf3 Ne4 18. Nxe4 Bxe4 19. O-O f6 20. Bg3 e5 21. Rxa7
Rd7 22. Rfa1 Kf7 23. Nd2 Bf5 24. Ba8 Rd8 25. e4 dxe4 26. Bxe4 Be6 27. Nf3 Rb5
28. Bxh7 Rxb2 29. Nh4 Bd7 30. Bf5 Rd2 31. Bxd7 R2xd7 32. Rxd7 Rxd7 33. Nf5 Bc5
34. Rc1 Bd4 35. Nxd4 exd4 36. Rd1 Ke6 37. Kf1 Kd5 38. Ke2 Kc4 39. Rc1+ Kd5 40.
Rc7 Rxc7 41. Bxc7 Kc4 42. Kd2 g6 43. Bb6 f5 44. f4 d3 45. Ba7 1-0

[Event "XXVI Miedzynarodowy Festiwal Szachowy w Poznaniu - OPEN A"]
[Site "Poznan"]
[Date "2018-08-19"]
[Round "2.27"]
[White "Lisiecki, Robert "]
[Black "Mozdzanowski, Filip"]
[Result "1-0"]
[WhiteTitle ""]
[BlackTitle ""]
[WhiteElo "1759"]
[BlackElo "1411"]

1. e4 d5 2. Nc3 Nf6 3. e5 d4 4. exf6 dxc3 5. fxg7 cxd2+ 6. Bxd2 Bxg7 7. c3 Bf5
8. Qf3 Bg6 9. h4 Nd7 10. h5 Ne5 11. Qg3 Qd5 12. hxg6 O-O-O 13. Rd1 Rd6 14. Rxh7
Re6 15. Be3 Qxa2 16. Rxh8+ Bxh8 17. gxf7 Ng6 18. Qxg6 1-0

[Event "XXVI Miedzynarodowy Festiwal Szachowy w Poznaniu - OPEN A"]
[Site "Poznan"]
[Date "2018-08-19"]
[Round "2.28"]
[White "Wojdak, Karol"]
[Black "Roszkiewicz, Anna"]
[Result "1-0"]
[WhiteTitle ""]
[BlackTitle ""]
[WhiteElo "1408"]
[BlackElo "1750"]

1. e4 c5 2. Nf3 d6 3. d4 cxd4 4. Nxd4 Nf6 5. Nc3 a6 6. f3 e5 7. Nb3 Be6 8. Be3
Be7 9. Bd3 O-O 10. O-O d5 11. exd5 Nxd5 12. Nxd5 Bxd5 13. Qe1 Nc6 14. Rd1 Qc7
15. Bxh7+ Kxh7 16. Rxd5 Nb4 17. Rd2 Nxc2 18. Qb1 Rac8 19. Rff2 1-0

[Event "XXVI Miedzynarodowy Festiwal Szachowy w Poznaniu - OPEN A"]
[Site "Poznan"]
[Date "2018-08-19"]
[Round "2.29"]
[White "Kupsik, Joanna "]
[Black "Zielinski, Tomasz"]
[Result "1-0"]
[WhiteTitle ""]
[BlackTitle ""]
[WhiteElo "1732"]
[BlackElo "1382"]

1. e4 c5 2. Nf3 Nc6 3. d4 cxd4 4. Nxd4 Qb6 5. c3 Nf6 6. f3 e6 7. Qb3 Bc5 8. Qxb6
Bxb6 9. Be3 Nxd4 10. Bxd4 Bxd4 11. cxd4 d5 12. e5 Ng8 13. Nc3 Ne7 14. Nb5 O-O
15. Nd6 Nc6 16. Rd1 a6 17. g3 b5 18. Ke2 Na5 19. Ke3 Nb7 20. Nxb7 Bxb7 21. Rc1
Rac8 22. Bd3 Rxc1 23. Rxc1 Rc8 24. Rc5 Rxc5 25. dxc5 b4 26. a4 bxa3 27. bxa3 Kf8
28. Kd4 Ke7 29. c6 Bxc6 30. Bxa6 Kd7 31. Kc5 Kc7 32. Bd3 g6 33. Bc2 Bd7 34. a4
Bc6 35. a5 Bb7 36. Ba4 d4 37. Kxd4 Bxf3 38. Kc5 g5 39. Be8 Bh5 40. a6 Bg6 41.
Bc6 1-0

[Event "XXVI Miedzynarodowy Festiwal Szachowy w Poznaniu - OPEN A"]
[Site "Poznan"]
[Date "2018-08-19"]
[Round "2.30"]
[White "Kaluzny, Jan "]
[Black "Stochnialek, Dominika"]
[Result "1-0"]
[WhiteTitle ""]
[BlackTitle ""]
[WhiteElo "1375"]
[BlackElo "1725"]

1. e4 e6 2. Nf3 d5 3. exd5 exd5 4. d4 Bg4 5. Be2 Bd6 6. O-O Nc6 7. Nc3 Nge7 8.
a3 Qd7 9. Be3 O-O-O 10. h3 Be6 11. b4 h6 12. Qd2 g5 13. Rfb1 g4 14. hxg4 Bxg4
15. b5 Nb8 16. b6 axb6 17. Nb5 Rdg8 18. Bf4 Bxf4 19. Qxf4 Nbc6 20. Re1 Be6 21.
Ne5 Nxe5 22. Qxe5 Nc6 23. Qf4 Rg5 24. Bf3 Rhg8 25. c3 h5 26. a4 Bh3 27. g3 Rf5
28. Qe3 h4 29. Kh2 hxg3+ 30. fxg3 Rfg5 31. Qf4 Bg4 32. Bg2 Be6 33. Re3 Rf5 34.
Qh6 Qd8 35. Kg1 Qf6 36. Qh2 Rh8 37. Bh3 Rfh5 38. g4 Qd8 39. gxh5 Qg5+ 40. Rg3
1-0

[Event "XXVI Miedzynarodowy Festiwal Szachowy w Poznaniu - OPEN A"]
[Site "Poznan"]
[Date "2018-08-19"]
[Round "2.31"]
[White "Najdzionek, Boleslaw "]
[Black "Muller, Marcin "]
[Result "1-0"]
[WhiteTitle ""]
[BlackTitle ""]
[WhiteElo "1715"]
[BlackElo "1351"]

1. e4 e6 2. d4 Nf6 3. Nd2 d5 4. e5 Nfd7 5. Bd3 c5 6. c3 Nc6 7. Ne2 Qb6 8. Nf3 g6
9. O-O cxd4 10. cxd4 Nxd4 11. Nexd4 Nxe5 12. Nxe5 Bg7 13. Ndf3 a6 14. Qe2 h5 15.
Be3 Qd6 16. Bd4 O-O 17. Rac1 b6 18. Rc6 Qb8 19. Rxb6 Qc7 20. Rb4 Rb8 21. Rxb8
Qxb8 22. Nc6 Qb7 23. Bxg7 Kxg7 24. Rc1 f6 25. b3 Re8 26. Bb1 Bd7 27. Qc2 f5 28.
Nfe5 Bxc6 29. Qxc6 Qxc6 30. Rxc6 a5 31. f4 Re7 32. Bd3 Kf6 33. Bb5 g5 34. g3 a4
35. bxa4 Kg7 36. Kf2 h4 37. Rc1 hxg3+ 38. hxg3 1-0

[Event "XXVI Miedzynarodowy Festiwal Szachowy w Poznaniu - OPEN A"]
[Site "Poznan"]
[Date "2018-08-19"]
[Round "2.32"]
[White "Nowak, Roksana "]
[Black "Weglarz, Janusz"]
[Result "1-0"]
[WhiteTitle ""]
[BlackTitle ""]
[WhiteElo "1329"]
[BlackElo "1707"]

1. d4 Nf6 2. c4 g6 3. Nc3 Bg7 4. Nf3 O-O 5. e4 d6 6. h3 Nbd7 7. Be2 c5 8. d5 h5
9. Be3 Nh7 10. Qd2 Ne5 11. Bh6 Nxf3+ 12. Bxf3 a6 13. g4 h4 14. Bxg7 Kxg7 15. Be2
f6 16. f4 g5 17. O-O-O Bd7 18. Kb1 Rb8 19. Bd3 gxf4 20. Qxf4 Ng5 21. Rdf1 b5 22.
Qd2 b4 23. Ne2 a5 24. Nf4 Be8 25. Rhg1 Rh8 26. Ne6+ Nxe6 27. dxe6 Rh6 28. g5 Rg6
29. Qf2 fxg5 30. Qf8+ Kh7 31. e5 dxe5 32. Rf7+ Bxf7 33. Qxf7+ Kh8 34. Qxg6 Qg8
35. Qh6+ 1-0

[Event "XXVI Miedzynarodowy Festiwal Szachowy w Poznaniu - OPEN A"]
[Site "Poznan"]
[Date "2018-08-19"]
[Round "2.33"]
[White "Zurawski, Kamil"]
[Black "Kaluzny, Stanislaw "]
[Result "1-0"]
[WhiteTitle ""]
[BlackTitle ""]
[WhiteElo "1690"]
[BlackElo "1321"]

1. e4 c5 2. Nc3 Nc6 3. f4 d6 4. Bc4 Nf6 5. Nf3 e6 6. d3 Be7 7. O-O O-O 8. Qe1 e5
9. f5 a6 10. a4 Bd7 11. Qg3 Nh5 12. Qg4 Nf6 13. Qh3 Nd4 14. Nd5 Ne2+ 15. Kh1 Nxc1
16. Raxc1 Bxa4 17. Nxe7+ Qxe7 18. g4 b5 19. Ba2 b4 20. g5 Nd7 21. g6 hxg6 22.
fxg6 Nf6 23. Ng5 Bd7 24. Qh4 Be6 25. Rxf6 Qxf6 26. Qh7# 1-0

[Event "XXVI Miedzynarodowy Festiwal Szachowy w Poznaniu - OPEN A"]
[Site "Poznan"]
[Date "2018-08-19"]
[Round "2.34"]
[White "Zarzycki, Lukasz "]
[Black "Szczepaniak, Artur "]
[Result "0-1"]
[WhiteTitle ""]
[BlackTitle ""]
[WhiteElo "1130"]
[BlackElo "1677"]

1. d4 f5 2. g3 Nf6 3. Bg2 g6 4. Nf3 Bg7 5. O-O O-O 6. e3 d6 7. c4 c6 8. Nc3 Nbd7
9. Ng5 Nb8 10. d5 h6 11. dxc6 bxc6 12. Nh3 g5 13. f4 gxf4 14. exf4 Ng4 15. Re1
Qb6+ 16. Kh1 Qd8 17. Be3 Bd7 18. Bd4 e5 19. fxe5 dxe5 20. Bc5 Re8 21. Qe2 Na6
22. Bd6 Kh8 23. c5 Nc7 24. Rad1 Ne6 25. Nf2 Nd4 26. Qd2 Nxf2+ 27. Qxf2 Qf6 28.
Re3 Re6 29. Bh3 Ree8 30. Rde1 e4 31. Bg2 a6 32. Qd2 Be6 33. b3 Nb5 34. Ne2 Rad8
35. Nf4 Bf7 36. Bf1 Nxd6 37. cxd6 Rxd6 38. Qg2 a5 39. g4 Red8 40. gxf5 Qxf5 41.
Qxe4 Qxe4+ 42. Rxe4 Rd2 43. R4e2 Bf6 44. Rg2 Bg5 45. Rxd2 Rxd2 46. Ne6 Bh4 47.
Re4 Be7 48. Nd4 Bd5 0-1

[Event "XXVI Miedzynarodowy Festiwal Szachowy w Poznaniu - OPEN A"]
[Site "Poznan"]
[Date "2018-08-19"]
[Round "2.35"]
[White "Szafranski, Piotr"]
[Black "Dopierala, Adam"]
[Result "1-0"]
[WhiteTitle ""]
[BlackTitle ""]
[WhiteElo "1670"]
[BlackElo "1305"]

1. e4 e5 2. Nf3 Nc6 3. Bb5 Nf6 4. O-O d6 5. d4 exd4 6. Nxd4 Bd7 7. Bxc6 Bxc6 8.
Nxc6 bxc6 9. Qf3 Nd7 10. Nc3 g6 11. Re1 Bg7 12. e5 O-O 13. exd6 cxd6 14. Qxc6
Nb6 15. Bf4 d5 16. Rad1 Rc8 17. Qb7 d4 18. Ne4 Rxc2 19. Bd6 Re8 20. Ng5 Nd7 21.
Qb3 Rce2 22. Rxe2 Rxe2 23. Qxf7+ Kh8 24. Qc4 Qe8 25. Nf7+ Kg8 26. Ne5+ Kh8 27.
Qxe2 Bxe5 28. Bxe5+ Nxe5 29. Re1 d3 30. Qxe5+ Qxe5 31. Rxe5 d2 32. Rd5 d1=Q+ 33.
Rxd1 1-0

[Event "XXVI Miedzynarodowy Festiwal Szachowy w Poznaniu - OPEN A"]
[Site "Poznan"]
[Date "2018-08-19"]
[Round "2.36"]
[White "Korzystka, Wiktor"]
[Black "Hoffmann, Piotr"]
[Result "1-0"]
[WhiteTitle ""]
[BlackTitle ""]
[WhiteElo "1261"]
[BlackElo "1649"]

1. e4 c6 2. d4 d5 3. exd5 cxd5 4. Nc3 Nf6 5. Bf4 g6 6. Bd3 Bg7 7. Nge2 O-O 8. Qd2
a6 9. O-O-O Nc6 10. f3 Nb4 11. g4 Nxd3+ 12. Qxd3 b5 13. h4 b4 14. Na4 Bd7 15.
Nc5 Bb5 16. Qd2 Nd7 17. Nxd7 Qxd7 18. Ng3 Rfc8 19. Qxb4 Rc4 20. Qd2 Rac8 21. c3
Ba4 22. Rde1 Bxd4 23. Ne2 e5 24. Bg5 Qd6 25. Kb1 Ba7 26. b3 Qb6 27. Kc2 d4 28.
bxa4 Rxc3+ 29. Nxc3 Rxc3+ 30. Kd1 f6 31. Bh6 Rxf3 32. Ke2 Qb7 33. Kd1 e4 34. Qc2
Rd3+ 35. Bd2 Kg7 36. Rh2 Bb8 37. Rhe2 Bf4 38. Qxd3 Qb2 39. Bxf4 e3 1-0

[Event "XXVI Miedzynarodowy Festiwal Szachowy w Poznaniu - OPEN A"]
[Site "Poznan"]
[Date "2018-08-19"]
[Round "2.37"]
[White "Czarnolewski, Piotr"]
[Black "Trochimowicz, Bartosz"]
[Result "1-0"]
[WhiteTitle ""]
[BlackTitle ""]
[WhiteElo "1634"]
[BlackElo "1302"]

1. e4 c5 2. Nf3 d6 3. d4 cxd4 4. Nxd4 Nf6 5. Nc3 g6 6. f3 h5 7. Be3 Bg7 8. Qd2
O-O 9. O-O-O Bd7 10. Bc4 Nc6 11. a3 Rc8 12. Ba2 Ne5 13. Qe2 a6 14. h3 Qc7 15.
Nd5 Nxd5 16. Bxd5 Nc4 17. Bxc4 Qxc4 18. Qxc4 Rxc4 19. c3 Rfc8 20. g4 h4 21. Ne2
b5 22. Kd2 a5 23. Rc1 b4 24. axb4 axb4 25. Nd4 bxc3+ 26. bxc3 e5 27. Ne2 f6 28.
Rb1 g5 29. Rb2 Be6 30. Rhb1 d5 31. Rb8 dxe4 32. fxe4 R4c6 33. Rxc8+ Rxc8 34. Rb6
Bc4 35. Ng1 Rd8+ 36. Ke1 Rd3 37. Bd2 Rg3 38. Kf2 Rd3 39. Be1 Kh7 40. Rc6 Bb5 41.
Rc7 Kg6 42. c4 Ba6 43. Nf3 Bf8 44. Rc6 Rd6 45. Rc7 Rd8 46. c5 Rc8 47. Rxc8 Bxc8
48. Bb4 Kf7 49. Nd2 Ba6 50. Ke3 Ke6 51. Kf2 Kd7 52. c6+ Kxc6 53. Bxf8 Kd7 54.
Ke3 Ke6 55. Nf3 Bf1 56. Ng1 Bg2 57. Bb4 Kf7 58. Bc5 Ke6 59. Bb6 Kf7 60. Bd8 Ke6
61. Kd3 Kf7 62. Kc4 Bxe4 63. Kc3 Ke6 64. Kd2 Bg2 65. Ke3 Kf7 66. Kf2 Bc6 67. Nf3
Ke6 68. Nd2 Bd5 69. Nf1 Kf7 70. Ne3 Be6 71. Kf3 Kg6 72. Ke4 Bb3 73. Nd5 Bc2+ 74.
Kf3 Bd1+ 75. Ke3 Bb3 76. Nxf6 Be6 77. Ne4 Bb3 78. Bxg5 Bc4 79. Bxh4 Bf1 80. Nf2
Bg2 81. Bd8 e4 82. h4 Bf3 83. Kf4 Kg7 84. Nxe4 Bxg4 85. Kxg4 Kh7 1-0